[Event "XVI. DBMM Schach"]
[Site "Dresden"]
[Date "2016.11.03"]
[Round "2.2"]
[White "Stanetzek, Carsten"]
[Black "Peck, Malcolm"]
[Result "1-0"]
[WhiteElo "2233"]
[BlackElo "1797"]
[Annotator "br"]
[PlyCount "79"]
[EventDate "2016.11.??"]
[SourceTitle "XVI. DBMM 2016"]
[Source "FV Schach e.V."]
[SourceDate "2017.06.14"]
[SourceVersion "1"]
[SourceVersionDate "2017.06.14"]
[SourceQuality "1"]
[WhiteTeam "Deutsche Post Bonn"]
[BlackTeam "W&W Wuestenrot & Wuerttemb. Stuttgart"]
[WhiteTeamCountry "GER"]
[BlackTeamCountry "GER"]

1. e4 c5 2. Nf3 Nc6 3. Bb5 Na5 4. c3 a6 5. Bd3 Nf6 6. e5 Ng4 7. h3 Nh6 8. O-O
d6 9. Qe2 e6 10. Bc2 Be7 11. exd6 Qxd6 12. d4 Nf5 13. g4 Nh4 14. dxc5 Qc7 15.
Nbd2 Bd7 16. b4 Nc6 17. Nxh4 Bxh4 18. Ne4 Be7 19. Bg5 f6 20. Bh4 Ne5 21. Bg3
O-O-O 22. a4 b5 23. Bxe5 Qxe5 24. axb5 Bxb5 25. c4 f5 26. cxb5 Bf6 27. bxa6 Qf4
28. a7 Kc7 29. Nxf6 gxf6 30. b5 fxg4 31. b6+ Kd7 32. Rfd1+ Ke7 33. hxg4 Rdg8
34. f3 Rxg4+ 35. fxg4 Rg8 36. Ra4 Qg3+ 37. Qg2 Qe3+ 38. Qf2 Qe5 39. a8=Q f5 40.
Qxg8 1-0

[Event "XVI. DBMM Schach"]
[Site "Dresden"]
[Date "2016.11.03"]
[Round "2.3"]
[White "Topol, Martin"]
[Black "Gikas, Andreas Basilius"]
[Result "0-1"]
[WhiteElo "1362"]
[BlackElo "2176"]
[Annotator "br"]
[PlyCount "58"]
[EventDate "2016.11.??"]
[SourceTitle "XVI. DBMM 2016"]
[Source "FV Schach e.V."]
[SourceDate "2017.06.14"]
[SourceVersion "1"]
[SourceVersionDate "2017.06.14"]
[SourceQuality "1"]
[WhiteTeam "W&W Wuestenrot & Wuerttemb. Stuttgart"]
[BlackTeam "Deutsche Post Bonn"]
[WhiteTeamCountry "GER"]
[BlackTeamCountry "GER"]

1. b4 e5 2. Bb2 Bxb4 3. Bxe5 Nf6 4. Nf3 O-O 5. e3 Re8 6. Bb2 d5 7. c4 c5 8.
cxd5 Nxd5 9. Be2 Nc6 10. O-O Ba5 11. d4 Bb6 12. dxc5 Bxc5 13. Qc2 Qe7 14. a3
Nxe3 15. fxe3 Qxe3+ 16. Kh1 Qxe2 17. Nbd2 Qe7 18. Rae1 Be6 19. Ne4 Bf5 20. Qc3
Bd4 21. Nxd4 Bxe4 22. Ne6 Bxg2+ 23. Kxg2 fxe6 24. Rf3 e5 25. Re4 Rad8 26. Qb3+
Kh8 27. Rg4 Nd4 28. Bxd4 Rxd4 29. Rg6 hxg6 0-1

[Event "XVI. DBMM Schach"]
[Site "Dresden"]
[Date "2016.11.03"]
[Round "2.4"]
[White "Dehmel, Jens"]
[Black "Uhlarz, Joerg"]
[Result "1-0"]
[WhiteElo "2075"]
[BlackElo "1743"]
[Annotator "br"]
[PlyCount "153"]
[EventDate "2016.11.??"]
[SourceTitle "XVI. DBMM 2016"]
[Source "FV Schach e.V."]
[SourceDate "2017.06.14"]
[SourceVersion "1"]
[SourceVersionDate "2017.06.14"]
[SourceQuality "1"]
[WhiteTeam "Deutsche Post Bonn"]
[BlackTeam "W&W Wuestenrot & Wuerttemb. Stuttgart"]
[WhiteTeamCountry "GER"]
[BlackTeamCountry "GER"]

1. d4 f5 2. g3 Nf6 3. Bg2 d5 4. Nf3 e6 5. O-O Be7 6. c4 O-O 7. Nc3 Ne4 8. Qc2
c6 9. Rb1 a5 10. a3 Bd7 11. b4 axb4 12. axb4 Na6 13. b5 Nb4 14. Qb3 Nxc3 15.
Qxc3 Na2 16. Qb3 dxc4 17. Qxc4 cxb5 18. Qb3 Nxc1 19. Rfxc1 Ra3 20. Qb2 Bc6 21.
Ne5 Bxg2 22. Kxg2 Qd5+ 23. Kg1 Ra2 24. Qb3 Rxe2 25. Qxd5 exd5 26. Rxb5 f4 27.
g4 f3 28. Rxb7 Bd6 29. Rd7 Bxe5 30. dxe5 Rxe5 31. h3 h5 32. Kh2 h4 33. Rcc7 Rg5
34. Ra7 $11 Rf4 35. Rd8+ Rf8 36. Rdd7 Rf4 37. Rd8+ Kh7 38. Raa8 d4 39. Rh8+ Kg6
40. Rad8 Rc5 41. Rxh4 Rc4 $11 42. Rh5 Rf6 43. Rhd5 Rb6 44. Rxd4 Rxd4 45. Rxd4
Rb3 46. Kg3 Kh6 47. h4 g6 48. Rf4 g5 49. Rf6+ Kg7 50. hxg5 Rb5 51. Rf5 Rb4 52.
Kxf3 Kg6 53. Kg3 Rb3+ 54. f3 Rb1 55. Re5 Rg1+ 56. Kf4 Rb1 57. Re6+ Kg7 58. Kf5
Rb5+ 59. Re5 Rb7 60. f4 Rc7 61. Rd5 Rf7+ 62. Ke4 Re7+ 63. Re5 Rb7 64. f5 Rb4+
65. Kf3 Rb3+ 66. Kf4 Rb4+ 67. Re4 Rb7 68. g6 Kf6 69. g5+ Kg7 70. Kg4 Rb1 71.
Re7+ Kg8 72. f6 Rb8 73. Kh5 Kf8 74. g7+ Kg8 75. Kg6 Rf8 76. gxf8=Q+ Kxf8 77.
Ra7 1-0

[Event "XVI. DBMM Schach"]
[Site "Dresden"]
[Date "2016.11.03"]
[Round "2.1"]
[White "Walther, Hans Wolfgang"]
[Black "Schmidt, Harald"]
[Result "1/2-1/2"]
[WhiteElo "2033"]
[BlackElo "2364"]
[Annotator "br"]
[PlyCount "149"]
[EventDate "2016.11.??"]
[SourceTitle "XVI. DBMM 2016"]
[Source "FV Schach e.V."]
[SourceDate "2017.06.14"]
[SourceVersion "1"]
[SourceVersionDate "2017.06.14"]
[SourceQuality "1"]
[WhiteTeam "Deutsche Bahn/BSW Berlin II"]
[BlackTeam "Transit Hamburg"]
[WhiteTeamCountry "GER"]
[BlackTeamCountry "GER"]

1. d4 Nf6 2. Nf3 c5 3. c4 cxd4 4. Nxd4 e5 5. Nf3 Bc5 6. Nc3 e4 7. Nd4 Nc6 8. e3
O-O 9. Be2 Qe7 10. Nb3 d6 11. O-O Qe5 12. Nd5 Be6 13. Nxf6+ Qxf6 14. Qc2 Bf5
15. Bd2 Rfe8 16. Bc3 Qg5 17. Rfd1 Re6 18. Nxc5 dxc5 19. Rd5 b6 20. Rad1 h5 21.
Rd6 Rae8 22. Qa4 Ne5 23. Bxe5 Rxe5 24. R1d5 h4 25. Qxa7 Bh3 26. g3 Bg4 27. Bxg4
Rxd5 28. Rxd5 Qxg4 29. Qd7 Qxd7 30. Rxd7 Ra8 31. a3 Ra4 32. gxh4 Rxc4 33. Rb7
f6 34. Kg2 Rc1 35. Kg3 Kh7 36. Rxb6 Kh6 37. a4 Kh5 38. a5 g5 39. hxg5 fxg5 40.
h3 Rg1+ 41. Kh2 Ra1 42. a6 c4 43. Rc6 Ra2 44. Kg3 Rxb2 45. Rxc4 Ra2 46. Rc6 Ra1
47. f3 Ra3 48. Re6 exf3 49. Kxf3 Ra4 50. Ke2 Ra3 51. Kd2 Kh4 52. Rh6+ Kg3 53.
Ke2 Ra5 54. Kd3 Kf3 55. e4 Kf4 56. Kd4 Ra4+ 57. Kc5 Ra5+ 58. Kd4 Ra4+ 59. Kc5
Ra3 60. Kb6 Rb3+ 61. Kc7 Rc3+ 62. Kb7 Rb3+ 63. Rb6 Rxh3 64. a7 Rh7+ 65. Ka6
Rxa7+ 66. Kxa7 Kxe4 67. Rg6 Kf4 68. Kb6 g4 69. Kc5 g3 70. Kd4 Kf3 71. Rf6+ Ke2
72. Re6+ Kf2 73. Kd3 g2 74. Re2+ Kf3 75. Re3+ 1/2-1/2

[Event "XVI. DBMM Schach"]
[Site "Dresden"]
[Date "2016.11.03"]
[Round "2.2"]
[White "Urban, Ralf-Dieter"]
[Black "Stahr, Ralf Peter"]
[Result "0-1"]
[WhiteElo "2034"]
[BlackElo "2018"]
[Annotator "br"]
[PlyCount "48"]
[EventDate "2016.11.??"]
[SourceTitle "XVI. DBMM 2016"]
[Source "FV Schach e.V."]
[SourceDate "2017.06.14"]
[SourceVersion "1"]
[SourceVersionDate "2017.06.14"]
[SourceQuality "1"]
[WhiteTeam "Transit Hamburg"]
[BlackTeam "Deutsche Bahn/BSW Berlin II"]
[WhiteTeamCountry "GER"]
[BlackTeamCountry "GER"]

1. e4 c5 2. d4 cxd4 3. c3 dxc3 4. Nxc3 Nc6 5. Nf3 d6 6. Bc4 e6 7. O-O Be7 8.
Qe2 a6 9. Rd1 Qc7 10. Bf4 Nf6 11. e5 Nh5 12. Bg5 Bxg5 13. Nxg5 Nf4 14. Qe4 dxe5
15. g3 h6 16. gxf4 hxg5 17. fxg5 b5 18. Nxb5 axb5 19. Bxb5 Bb7 20. Rac1 Rc8 21.
Rc5 O-O 22. Rdc1 Qe7 23. Bxc6 Rxc6 24. Rxc6 Qxg5+ 0-1

[Event "XVI. DBMM Schach"]
[Site "Dresden"]
[Date "2016.11.03"]
[Round "2.3"]
[White "Klotzsche, Thomas"]
[Black "Ziller, Christian"]
[Result "0-1"]
[WhiteElo "1916"]
[BlackElo "2071"]
[Annotator "br"]
[PlyCount "84"]
[EventDate "2016.11.??"]
[SourceTitle "XVI. DBMM 2016"]
[Source "FV Schach e.V."]
[SourceDate "2017.06.14"]
[SourceVersion "1"]
[SourceVersionDate "2017.06.14"]
[SourceQuality "1"]
[WhiteTeam "Deutsche Bahn/BSW Berlin II"]
[BlackTeam "Transit Hamburg"]
[WhiteTeamCountry "GER"]
[BlackTeamCountry "GER"]

1. d3 e5 2. Nf3 Nc6 3. c4 f5 4. Nc3 Nf6 5. g3 Be7 6. Bg2 d6 7. O-O Be6 8. Qa4
Qd7 9. b4 h6 10. b5 Nd8 11. Rd1 g5 12. d4 e4 13. Ne1 d5 14. c5 O-O 15. f4 Nh5
16. e3 Kh7 17. Rb1 Rg8 18. Bf1 Bf7 19. Ng2 Nf6 20. Qb3 Qe8 21. Be2 c6 22. a4
Bh5 23. a5 Bxe2 24. Nxe2 Qh5 25. Kf2 Ng4+ 26. Ke1 Qxh2 27. Kf1 Qh1+ 28. Ng1
Nh2+ 29. Kf2 Ng4+ 30. Kf1 Rc8 31. a6 gxf4 32. exf4 bxa6 33. bxc6 Nh2+ 34. Kf2
Ng4+ 35. Kf1 Nf6 36. Nh4 Nxc6 37. Qe3 Ng4 38. Qb3 Nf6 39. Qe3 Ng4 40. Qb3 Bxh4
41. Qxd5 Nh2+ 42. Ke2 Qg2+ 0-1

[Event "XVI. DBMM Schach"]
[Site "Dresden"]
[Date "2016.11.03"]
[Round "2.4"]
[White "Bohn, Christoph"]
[Black "Strauss, Peter"]
[Result "0-1"]
[WhiteElo "1920"]
[BlackElo "1803"]
[Annotator "br"]
[PlyCount "56"]
[EventDate "2016.11.??"]
[SourceTitle "XVI. DBMM 2016"]
[Source "FV Schach e.V."]
[SourceDate "2017.06.14"]
[SourceVersion "1"]
[SourceVersionDate "2017.06.14"]
[SourceQuality "1"]
[WhiteTeam "Transit Hamburg"]
[BlackTeam "Deutsche Bahn/BSW Berlin II"]
[WhiteTeamCountry "GER"]
[BlackTeamCountry "GER"]

1. c4 Nf6 2. Nc3 e6 3. e4 Bb4 4. e5 Bxc3 5. dxc3 Ng8 6. Qg4 g6 7. Bd3 d6 8. Bg5
f6 9. exf6 Nxf6 10. Qh4 O-O 11. Nf3 Nbd7 12. O-O-O c6 13. Bc2 Qc7 14. Nd4 Qa5
15. Nxe6 Rf7 16. Rhe1 Qxa2 17. Rxd6 Ne8 18. Rd4 Qa1+ 19. Bb1 Nb6 20. c5 Nd5 21.
Rxd5 cxd5 22. Qd4 Nc7 23. Nxc7 Bf5 24. Kd2 Qxb2+ 25. Ke3 Rxc7 26. Qxd5+ Rf7 27.
Bxf5 Qxc3+ 28. Kf4 Qxe1 0-1

[Event "XVI. DBMM Schach"]
[Site "Dresden"]
[Date "2016.11.03"]
[Round "2.1"]
[White "Koerlin, Hans Juergen"]
[Black "Gohil, Harry"]
[Result "0-1"]
[WhiteElo "1855"]
[BlackElo "2322"]
[Annotator "br"]
[PlyCount "62"]
[EventDate "2016.11.??"]
[SourceTitle "XVI. DBMM 2016"]
[Source "FV Schach e.V."]
[SourceDate "2017.06.14"]
[SourceVersion "1"]
[SourceVersionDate "2017.06.14"]
[SourceQuality "1"]
[WhiteTeam "BA Tempelhof Berlin II"]
[BlackTeam "Commerzbank Frankfurt"]
[WhiteTeamCountry "GER"]
[BlackTeamCountry "GER"]

1. e4 c5 2. Nc3 Nc6 3. f4 e6 4. Bb5 Nd4 5. a4 a6 6. Bc4 Nf6 7. d3 d5 8. Ba2 b5
9. e5 Ng8 10. Nf3 b4 11. Nxd4 bxc3 12. Nf3 cxb2 13. Bxb2 Rb8 14. Bc3 Ne7 15.
O-O Nf5 16. Qe1 h5 17. Ba5 Qd7 18. Qd2 Be7 19. Rfb1 Rxb1+ 20. Bxb1 Bb7 21. Bb6
d4 22. a5 Bxf3 23. gxf3 Rh6 24. Ba2 Ne3 25. Kh1 Qc6 26. Qe2 Rg6 27. Rg1 Rg4 28.
h3 Rxf4 29. Rxg7 Rxf3 30. Rg8+ Kd7 31. Kh2 Bh4 0-1

[Event "XVI. DBMM Schach"]
[Site "Dresden"]
[Date "2016.11.03"]
[Round "2.2"]
[White "du Maire, Jerome"]
[Black "Schmidt, Joerg"]
[Result "1-0"]
[WhiteElo "2170"]
[BlackElo "1736"]
[Annotator "br"]
[PlyCount "93"]
[EventDate "2016.11.??"]
[SourceTitle "XVI. DBMM 2016"]
[Source "FV Schach e.V."]
[SourceDate "2017.06.14"]
[SourceVersion "1"]
[SourceVersionDate "2017.06.14"]
[SourceQuality "1"]
[WhiteTeam "Commerzbank Frankfurt"]
[BlackTeam "BA Tempelhof Berlin II"]
[WhiteTeamCountry "GER"]
[BlackTeamCountry "GER"]

1. d4 Nf6 2. c4 g6 3. Nf3 Bg7 4. g3 d6 5. Bg2 O-O 6. Nc3 Nbd7 7. O-O e5 8. e4
c6 9. h3 Qc7 10. Be3 a6 11. a4 Re8 12. a5 exd4 13. Nxd4 Nc5 14. Qc2 Qe7 15.
Rfe1 Ne6 16. Rad1 Nd7 17. Nde2 Ne5 18. b3 g5 19. Qd2 g4 20. hxg4 Nxg4 21. Bb6
Nc5 22. b4 Nd7 23. Bd4 Nge5 24. Qa2 Nf6 25. f4 Neg4 26. c5 dxc5 27. Bxc5 Qe6
28. Qxe6 Bxe6 $11 29. Bf3 h5 30. Nd4 Rad8 31. Bb6 Rd7 32. Na4 Bc4 33. Nc5 Rde7
34. Nf5 Re6 35. Nxe6 fxe6 36. Nxg7 Kxg7 37. Rd4 Bb5 38. Rd8 Re7 39. Red1 e5 40.
Bc5 Rf7 41. f5 Kh6 42. Kg2 Kg5 43. R1d6 Ba4 44. Rg8+ Kh6 45. Bxg4 Kh7 46. Rxf6
Rxf6 47. Rg6 1-0

[Event "XVI. DBMM Schach"]
[Site "Dresden"]
[Date "2016.11.03"]
[Round "2.3"]
[White "Quast, Michael"]
[Black "Hummel, Dennis"]
[Result "0-1"]
[WhiteElo "1723"]
[BlackElo "2029"]
[Annotator "br"]
[PlyCount "52"]
[EventDate "2016.11.??"]
[SourceTitle "XVI. DBMM 2016"]
[Source "FV Schach e.V."]
[SourceDate "2017.06.14"]
[SourceVersion "1"]
[SourceVersionDate "2017.06.14"]
[SourceQuality "1"]
[WhiteTeam "BA Tempelhof Berlin II"]
[BlackTeam "Commerzbank Frankfurt"]
[WhiteTeamCountry "GER"]
[BlackTeamCountry "GER"]

1. b3 Nf6 2. Bb2 e6 3. f4 b6 4. Nf3 Bb7 5. e3 Be7 6. Be2 c5 7. c4 Qc7 8. Nc3 a6
9. Qc2 Nc6 10. a3 O-O 11. Bd3 Rfd8 12. Ng5 h6 13. Bh7+ Kf8 14. h4 d5 15. Bg6 d4
16. Bxf7 hxg5 17. hxg5 Kxf7 18. gxf6 Bxf6 19. Ne4 Rh8 20. O-O Rh6 21. Ng5+ Ke7
22. Qe4 Bxg5 23. fxg5 Qh2+ 24. Kf2 Na5 25. Qg4 Rh4 26. Qg3 Rf8+ 0-1

[Event "XVI. DBMM Schach"]
[Site "Dresden"]
[Date "2016.11.03"]
[Round "2.4"]
[White "Fischer, Alexander"]
[Black "Schneider, Eckehard"]
[Result "1-0"]
[WhiteElo "2038"]
[BlackElo "1811"]
[Annotator "br"]
[PlyCount "103"]
[EventDate "2016.11.??"]
[SourceTitle "XVI. DBMM 2016"]
[Source "FV Schach e.V."]
[SourceDate "2017.06.14"]
[SourceVersion "1"]
[SourceVersionDate "2017.06.14"]
[SourceQuality "1"]
[WhiteTeam "Commerzbank Frankfurt"]
[BlackTeam "BA Tempelhof Berlin II"]
[WhiteTeamCountry "GER"]
[BlackTeamCountry "GER"]

1. d4 Nf6 2. c4 g6 3. Nc3 Bg7 4. e4 d6 5. h3 O-O 6. Bg5 h6 7. Be3 e5 8. d5 a5
9. Qd2 Kh7 10. Bd3 Na6 11. Nge2 b6 12. a3 Nc5 13. Bc2 Bd7 14. b3 Qe7 15. O-O
Nh5 16. Rab1 Qh4 17. Kh2 Qe7 18. f3 Rg8 19. b4 axb4 20. axb4 Na4 21. Ra1 Nxc3
22. Qxc3 Nf4 23. Qd2 g5 24. Nxf4 gxf4 25. Bxf4 exf4 26. e5+ Kh8 27. Qd3 f5 28.
Rxa8 Rxa8 29. e6 Be8 30. Qxf5 Bf6 31. Rd1 Qg7 32. Kg1 Ra2 33. b5 Ra1 34. Rxa1
Bxa1 35. Qxf4 Qd4+ 36. Qxd4+ Bxd4+ 37. Kf1 Kg7 38. f4 h5 39. g3 Kf6 40. Ke2 Bb2
41. Kf3 Bc3 42. g4 Bb2 $11 43. g5+ Kg7 44. f5 Bc3 45. f6+ Bxf6 46. gxf6+ Kxf6
47. Kf4 h4 48. Kg4 Ke5 49. Bd3 Kd4 50. Bf1 Bg6 51. Kxh4 Ke5 52. Kg5 1-0

[Event "XVI. DBMM Schach"]
[Site "Dresden"]
[Date "2016.11.03"]
[Round "2.1"]
[White "Hilbig, Olaf"]
[Black "Zerenner, Pascal"]
[Result "1-0"]
[WhiteElo "2167"]
[BlackElo "1889"]
[Annotator "br"]
[PlyCount "35"]
[EventDate "2016.11.??"]
[SourceTitle "XVI. DBMM 2016"]
[Source "FV Schach e.V."]
[SourceDate "2017.06.14"]
[SourceVersion "1"]
[SourceVersionDate "2017.06.14"]
[SourceQuality "1"]
[WhiteTeam "Commerzbank Frankfurt II"]
[BlackTeam "Europark Altenberg"]
[WhiteTeamCountry "GER"]
[BlackTeamCountry "GER"]

1. Nc3 e5 2. Nf3 Nc6 3. d4 exd4 4. Nxd4 Bc5 5. Nb3 Bb6 6. Nd5 d6 7. Nxb6 axb6
8. e4 Nf6 9. Bd3 Ra4 10. O-O O-O 11. Nd2 Re8 12. b3 Ra5 13. Bb2 Bg4 14. Bxf6
Qxf6 15. Qxg4 Rg5 16. Qh3 g6 17. f4 Rh5 18. Qg3 1-0

[Event "XVI. DBMM Schach"]
[Site "Dresden"]
[Date "2016.11.03"]
[Round "2.2"]
[White "Schmidt, Gerhard"]
[Black "Lutterbey, Ralf"]
[Result "0-1"]
[WhiteElo "2116"]
[BlackElo "1903"]
[Annotator "br"]
[PlyCount "56"]
[EventDate "2016.11.??"]
[SourceTitle "XVI. DBMM 2016"]
[Source "FV Schach e.V."]
[SourceDate "2017.06.14"]
[SourceVersion "1"]
[SourceVersionDate "2017.06.14"]
[SourceQuality "1"]
[WhiteTeam "Europark Altenberg"]
[BlackTeam "Commerzbank Frankfurt II"]
[WhiteTeamCountry "GER"]
[BlackTeamCountry "GER"]

1. e4 d5 2. exd5 Qxd5 3. Nc3 Qa5 4. Bc4 Nc6 5. Nf3 Nf6 6. d4 Bg4 7. O-O O-O-O
8. Be3 e5 9. d5 e4 10. h3 exf3 11. hxg4 Ne5 12. Qd4 Nfxg4 13. Bb5 Bb4 14. a4 c6
15. Bf4 Bxc3 16. bxc3 Rxd5 17. Qe4 fxg2 18. Rfe1 g6 19. Be2 Qxc3 20. Qxg2 h5
21. Bxe5 Nxe5 22. f4 Nc4 23. Bd3 Nb2 24. Qh3+ Kb8 25. Rab1 Nxd3 26. Rbd1 Qc5+
27. Qe3 Qxe3+ 28. Rxe3 Nxf4 0-1

[Event "XVI. DBMM Schach"]
[Site "Dresden"]
[Date "2016.11.03"]
[Round "2.3"]
[White "Huebner, Detlef"]
[Black "Bussler, Juergen"]
[Result "0-1"]
[WhiteElo "1558"]
[BlackElo "1940"]
[Annotator "br"]
[PlyCount "34"]
[EventDate "2016.11.??"]
[SourceTitle "XVI. DBMM 2016"]
[Source "FV Schach e.V."]
[SourceDate "2017.06.14"]
[SourceVersion "1"]
[SourceVersionDate "2017.06.14"]
[SourceQuality "1"]
[WhiteTeam "Commerzbank Frankfurt II"]
[BlackTeam "Europark Altenberg"]
[WhiteTeamCountry "GER"]
[BlackTeamCountry "GER"]

1. c4 e5 2. Nc3 Nf6 3. Nf3 Nc6 4. d4 exd4 5. Nxd4 Be7 6. e4 d6 7. Be2 Nxd4 8.
Qxd4 Bd7 9. Nd5 Nxd5 10. exd5 Bf6 11. Qd2 Qe7 12. O-O O-O 13. Re1 Rfe8 14. Qc2
Qe5 15. Bd2 Bf5 16. Qb3 Qxb2 17. Qxb2 Bxb2 0-1

[Event "XVI. DBMM Schach"]
[Site "Dresden"]
[Date "2016.11.03"]
[Round "2.4"]
[White "Heinig, Juergen"]
[Black "Hoffmann, Frank"]
[Result "1-0"]
[WhiteElo "1935"]
[BlackElo "1492"]
[Annotator "br"]
[PlyCount "99"]
[EventDate "2016.11.??"]
[SourceTitle "XVI. DBMM 2016"]
[Source "FV Schach e.V."]
[SourceDate "2017.06.14"]
[SourceVersion "1"]
[SourceVersionDate "2017.06.14"]
[SourceQuality "1"]
[WhiteTeam "Europark Altenberg"]
[BlackTeam "Commerzbank Frankfurt II"]
[WhiteTeamCountry "GER"]
[BlackTeamCountry "GER"]

1. d4 Nf6 2. Nf3 d6 3. c4 g6 4. Nc3 Bg7 5. a3 Nbd7 6. g3 O-O 7. Bg2 e5 8. O-O
a6 9. e3 Rb8 10. Qc2 Ne8 11. Rd1 f5 12. dxe5 Nxe5 13. Nxe5 Bxe5 14. c5 Bxc3 15.
Qxc3 Qf6 16. Qb4 dxc5 17. Qxc5 b6 18. Qc2 Bb7 19. Bxb7 Rxb7 20. Bd2 Qe6 21.
Rac1 c5 22. Bc3 Nf6 23. b4 Ne4 24. Ba1 c4 25. Qxc4 Qxc4 26. Rxc4 Kf7 27. Rc6 a5
28. f3 Ng5 29. Kf2 Re8 30. Bc3 axb4 31. Bxb4 Re6 32. Rc3 Ke8 33. Rc8+ Kf7 34.
h4 Nh3+ 35. Kg2 Rxe3 36. Kxh3 Rxf3 37. Kg2 Rb3 38. Rdc1 Rd7 39. R1c7 Rbd3 40.
Rxd7+ Rxd7 41. Rc6 Rb7 42. Bd6 Ke8 43. Rc7 Rxc7 44. Bxc7 b5 45. Bf4 Kd7 46. h5
Ke6 47. Kh3 Kf7 48. Kh4 Kf6 49. hxg6 hxg6 50. Bd2 1-0

[Event "XVI. DBMM Schach"]
[Site "Dresden"]
[Date "2016.11.03"]
[Round "2.1"]
[White "Scheffner, Axel"]
[Black "Leube, Oliver"]
[Result "1-0"]
[WhiteElo "2249"]
[BlackElo "1928"]
[Annotator "br"]
[PlyCount "49"]
[EventDate "2016.11.??"]
[SourceTitle "XVI. DBMM 2016"]
[Source "FV Schach e.V."]
[SourceDate "2017.06.14"]
[SourceVersion "1"]
[SourceVersionDate "2017.06.14"]
[SourceQuality "1"]
[WhiteTeam "Vodafone Duesseldorf"]
[BlackTeam "Transit Hamburg II"]
[WhiteTeamCountry "GER"]
[BlackTeamCountry "GER"]

1. d4 d5 2. c4 c6 3. Nf3 e6 4. Nc3 Nf6 5. Bg5 Be7 6. e3 Nbd7 7. Qc2 O-O 8. a3
a5 9. c5 Re8 10. Bd3 h6 11. Bf4 Nh5 12. Be5 Nhf6 13. h3 Nxe5 14. Nxe5 Nd7 15.
Bh7+ Kf8 16. f4 Nxe5 17. fxe5 Bh4+ 18. Kd1 Qg5 19. Rf1 Qxe3 20. Ne2 Bf2 21. a4
Bh4 22. Ra3 Qg5 23. g3 Qh5 24. Bg6 Qg5 25. gxh4 1-0

[Event "XVI. DBMM Schach"]
[Site "Dresden"]
[Date "2016.11.03"]
[Round "2.3"]
[White "Limbourg, Marina"]
[Black "Schroeder, Kai Uwe"]
[Result "1-0"]
[WhiteElo "2028"]
[BlackElo "1858"]
[Annotator "br"]
[PlyCount "67"]
[EventDate "2016.11.??"]
[SourceTitle "XVI. DBMM 2016"]
[Source "FV Schach e.V."]
[SourceDate "2017.06.14"]
[SourceVersion "1"]
[SourceVersionDate "2017.06.14"]
[SourceQuality "1"]
[WhiteTeam "Vodafone Duesseldorf"]
[BlackTeam "Transit Hamburg II"]
[WhiteTeamCountry "GER"]
[BlackTeamCountry "GER"]

1. e4 e6 2. d4 d5 3. Nc3 dxe4 4. Nxe4 Bd7 5. Bd3 Bc6 6. Nf3 Nd7 7. O-O Ngf6 8.
Ng3 Be7 9. Ne5 O-O 10. Nxc6 bxc6 11. Ne4 c5 12. dxc5 Nxc5 13. Nxf6+ Bxf6 14.
Bxh7+ Kxh7 15. Qh5+ Kg8 16. Qxc5 Qd6 17. Qh5 Rab8 18. c3 Qd5 19. Qg4 Rfd8 20.
Bh6 g6 21. Rad1 Qxa2 22. Rxd8+ Rxd8 23. Qf4 Bg7 24. Qxc7 Rd5 25. c4 Rf5 26.
Qd8+ Kh7 27. Bxg7 Kxg7 28. Qd4+ Kg8 29. Rc1 Qa4 30. Qc3 Qc6 31. b4 Rf4 32. c5
a6 33. Rd1 Kf8 34. Qh8+ 1-0

[Event "XVI. DBMM Schach"]
[Site "Dresden"]
[Date "2016.11.03"]
[Round "2.4"]
[White "Rulfs, Ernst August"]
[Black "Renzelmann, Volker"]
[Result "1-0"]
[WhiteElo "1598"]
[BlackElo "1369"]
[Annotator "br"]
[PlyCount "61"]
[EventDate "2016.11.??"]
[SourceTitle "XVI. DBMM 2016"]
[Source "FV Schach e.V."]
[SourceDate "2017.06.14"]
[SourceVersion "1"]
[SourceVersionDate "2017.06.14"]
[SourceQuality "1"]
[WhiteTeam "Transit Hamburg II"]
[BlackTeam "Vodafone Duesseldorf"]
[WhiteTeamCountry "GER"]
[BlackTeamCountry "GER"]

1. c4 e5 2. Nc3 Nf6 3. Nf3 Nc6 4. g3 Bc5 5. Nxe5 Nxe5 6. d4 Nxc4 7. dxc5 O-O 8.
e4 Ne5 9. Bg2 d6 10. cxd6 Qxd6 11. O-O Rd8 12. Bf4 Qxd1 13. Raxd1 Nc6 14. e5
Ng4 15. Bxc6 Be6 16. Bxb7 Rab8 17. Bf3 Kf8 18. Bxg4 Bxg4 19. f3 Rxd1 20. Rxd1
Bxf3 21. Rd2 Ra8 22. Nb5 c6 23. Nd6 Bd5 24. b3 h6 25. Nf5 Rd8 26. Be3 a6 27.
Bc5+ Kg8 28. Ne7+ Kh7 29. Nxc6 Rc8 30. Rxd5 Rxc6 31. b4 1-0

[Event "XVI. DBMM Schach"]
[Site "Dresden"]
[Date "2016.11.03"]
[Round "2.1"]
[White "Lau, Peter"]
[Black "Meyer, Jens Uwe"]
[Result "1/2-1/2"]
[WhiteElo "1801"]
[BlackElo "2063"]
[Annotator "br"]
[PlyCount "33"]
[EventDate "2016.11.??"]
[SourceTitle "XVI. DBMM 2016"]
[Source "FV Schach e.V."]
[SourceDate "2017.06.14"]
[SourceVersion "1"]
[SourceVersionDate "2017.06.14"]
[SourceQuality "1"]
[WhiteTeam "Sparkassen-Versicherung Stuttgart II"]
[BlackTeam "SG Stern Ludwigsfelde"]
[WhiteTeamCountry "GER"]
[BlackTeamCountry "GER"]

1. e4 d5 2. exd5 Qxd5 3. d4 Nc6 4. Nf3 Bg4 5. Be2 Nf6 6. Nc3 Qf5 7. Be3 O-O-O
8. O-O e5 9. d5 Nb4 10. Ng5 Bxe2 11. Qxe2 Nfxd5 12. Nxd5 Nxd5 13. Rad1 Be7 14.
Nf3 Nxe3 15. Qxe3 Kb8 16. Qxe5 Qxe5 17. Nxe5 1/2-1/2

[Event "XVI. DBMM Schach"]
[Site "Dresden"]
[Date "2016.11.03"]
[Round "2.3"]
[White "Brethauer, Tim"]
[Black "Tangermann, Erhard"]
[Result "0-1"]
[WhiteElo "1641"]
[BlackElo "1654"]
[Annotator "br"]
[PlyCount "78"]
[EventDate "2016.11.??"]
[SourceTitle "XVI. DBMM 2016"]
[Source "FV Schach e.V."]
[SourceDate "2017.06.14"]
[SourceVersion "1"]
[SourceVersionDate "2017.06.14"]
[SourceQuality "1"]
[WhiteTeam "Sparkassen-Versicherung Stuttgart II"]
[BlackTeam "SG Stern Ludwigsfelde"]
[WhiteTeamCountry "GER"]
[BlackTeamCountry "GER"]

1. e4 d6 2. d4 Nf6 3. Nc3 c6 4. Nf3 Nbd7 5. Bc4 b5 6. Bb3 b4 7. Ng5 e6 8. Ne2
h6 9. Nf3 Nxe4 10. Ba4 Bb7 11. O-O Be7 12. Nf4 O-O 13. Nd3 a5 14. Re1 Ng5 15.
Nxg5 Bxg5 16. Qf3 Bxc1 17. Raxc1 Rc8 18. Qg3 Nb6 19. b3 Nd5 20. Re4 Nc3 21. Re3
Ba6 22. Nf4 Qg5 23. Qxg5 hxg5 24. Nd3 Nxa2 25. Rce1 Bxd3 26. Rxd3 Nc3 27. Rg3
d5 28. Rxg5 f6 29. Rg3 Kf7 30. Rge3 Rfe8 31. f3 Re7 32. Kf2 c5 33. dxc5 Rxc5
34. Rd3 Nxa4 35. bxa4 Rxc2+ 36. Re2 Rec7 37. Rdd2 b3 38. Rd1 R7c4 39. Ke1 b2
0-1